Daily Capital City Riddle #143 - Statistics

General Stats
  • This quiz has been taken 29 times
  • The average score is 29 of 32
Answer Stats
Type Answer % Correct
Alphabet Letter A
100%
Alphabet Letter C
100%
Alphabet Letter I
100%
Alphabet Letter L
100%
Found Letter O
100%
Alphabet Letter R
100%
Alphabet Letter S
100%
Alphabet Letter B
96%
Alphabet Letter G
96%
Alphabet Letter H
96%
Alphabet Letter N
96%
Alphabet Letter P
96%
Found Letter T
96%
Alphabet Letter U
96%
Alphabet Letter D
91%
Alphabet Letter E
91%
Found Letter K
91%
Alphabet Letter M
91%
Correctly Placed Letter O
91%
Alphabet Letter V
91%
Alphabet Letter W
91%
Alphabet Letter J
87%
Correctly Placed Letter O
87%
Found Letter Y
87%
Alphabet Letter F
83%
Alphabet Letter Q
83%
Alphabet Letter X
83%
Alphabet Letter Z
83%
Correctly Placed Letter K
78%
Correctly Placed Letter T
78%
Mystery Capital Tokyo
78%
Correctly Placed Letter Y
78%
No matching quizzes found
Score Distribution
Percent of People with Each Score
Percentile by Number Answered
Your Score History
You have not taken this quiz